Statistiques concernant Les Simpson - Vrai ou Faux (3)

Cliquez ici pour prendre le quiz!

Statistiques générales

  • Ce quiz a été pris 206 fois
  • Le résultat moyen est 12 sur 20

Statistiques - réponses

QuestionRéponse% Correct
Skinner est allergique aux cacahuètesVrai
91%
Bart est sorti avec la fille du révérend LovejoyVrai
86%
Homer a voulu devenir handicapé obèse pour pouvoir travailler chez luiVrai
86%
Homer est déjà allé dans l'espaceVrai
85%
Homer a déjà refusé de grosses sommes d'argent car le fait d'en accepter aurait procuré du mal à sa familleVrai
65%
Bart et Lisa sont baptisésFaux
63%
Homer a embrassé Mindy sur la bouche, sa collègue avec qui il était parti en voyage d'affaire dans un hôtelVrai
63%
Carl est diabétiqueVrai
62%
Burns connaît Smithers depuis qu'il est bébéVrai
61%
La "loi Homer" est une loi interdisant de conduire bourré après 22h00Faux
60%
Le demi-frère d'Homer et le frère siamois de Bart commencent par la même lettreVrai
60%
Dans la parodie de X-Files, l'extraterrestre que voit Homer est en réalité AbrahamFaux
59%
Cletus a un tatouage sur le bras gaucheVrai
59%
Hans Taupeman a été maire de SpringfieldVrai
55%
Dans un épisode, Bart apprend à jouer du xylophoneFaux
53%
KBBL émet sur la fréquence 105.5Faux
50%
Springfield possède environ 30 000 habitantsVrai
47%
Suite à un vaccin, Bart est devenu temporairement aveugleFaux
39%
Chaque gag du canapé n'a été utilisé qu'une seule fois au cours de la sérieFaux
34%
Le signe astrologique de Selma est ViergeFaux
31%

Distribution des résultats

Percentile par nombre de réponses

% des personnes avec chaque résultat

Votre développement - résultats

Vous n’avez pas pris ce quiz